| 000 | 01791nam a2200289Ia 4500 | ||
|---|---|---|---|
| 999 |
_c55925 _d55925 |
||
| 001 | 23023 | ||
| 003 | GE_BSU | ||
| 005 | 20230627121848.0 | ||
| 008 | 181216s1959||||ge |||||||||||||| ||geo|| | ||
| 040 | _cGE_BSU | ||
| 041 | _ageo | ||
| 080 | _a821.353.1(092ორბელიანი, ს.ს.) ლ-80 | ||
| 100 |
_aლოლაშვილი, ი. _97349 |
||
| 245 |
_aსულხან-საბა ორბელიანის ლიტერატურული მოღვაწეობიდან, 1698-1713 წწ. / _cი. ლოლაშვილი ; რედ. კ. კეკელიძე. |
||
| 264 |
_aთბილისი : _bსაქ. სსრ მეცნ. აკად. გამ-ბა, _c1959. |
||
| 300 |
_a134 გვ. : _c23სმ.. _e8 ჩართ. ფურც. ხელნაწ. |
||
| 500 | _aგაშლილი თავფურცელი რუსულ ენაზე | ||
| 504 | _aბიბლიოგრ. შენიშვნებში | ||
| 520 | _aგაშლილი თავფურც. რუს. ენ. | ||
| 541 | _h6ლ. 40თ. | ||
| 653 | _aორბელიანი, სულხან-საბა | ||
| 653 | _aქართული ლიტერატურის ისტორია და კრიტიკა | ||
| 653 | _aულხან-საბა ორბელიანის ლიტერატურული მოღვაწეობიდან, 1698-1713 წწ. | ||
| 700 |
_aკეკელიძე, კ. _eრედაქტორი _93519 |
||
| 710 |
_aსაქარტველოს სსრ მეცნიერება აკადემია _bქართული ლიტერატურის ინსტიტუტი _918998 |
||
| 942 |
_cBK _2udc |
||